[Event "I Scaccomatto A"]
[Site "Torino ITA"]
[Date "1996.12.09"]
[Round "2"]
[White "Crea, Vincenzo"]
[Black "Finkel, Alexander"]
[Result "0-1"]
[WhiteElo "2195"]
[BlackElo "2505"]
[PlyCount "74"]
[EventDate "1996.12.08"]

1. d4 Nf6 2. Nf3 g6 3. Bf4 Bg7 4. e3 O-O 5. Be2 d6 6. h3 c5 7. c3 b6 8. Nbd2
Bb7 9. Qb1 Nbd7 10. O-O e5 11. Bh2 e4 12. Ne1 Qe7 13. Nc2 Rad8 14. a4 a6 15.
Nc4 Ne8 16. dxc5 bxc5 17. Rd1 Ne5 18. Nxe5 Bxe5 19. Rd2 Bxh2+ 20. Kxh2 Ng7 21.
Qf1 a5 22. Kg1 f5 23. Qd1 g5 24. Bc4+ Kh8 25. Bd5 Bc8 26. b4 g4 27. hxg4 fxg4
28. b5 g3 29. Qe1 Nf5 30. fxg3 Qg5 31. Bxe4 Nxg3 32. Bf3 Qh4 33. Qd1 Qh1+ 34.
Kf2 Ne4+ 35. Ke2 Nxc3+ 36. Kf2 Qh4+ 37. Kg1 Nxd1 0-1

[Event "I Scaccomatto A"]
[Site "Torino ITA"]
[Date "1996.12.09"]
[Round "2"]
[White "Lanzani, Mario"]
[Black "Mola, Pietro"]
[Result "0-1"]
[WhiteElo "2355"]
[BlackElo "2175"]
[PlyCount "80"]
[EventDate "1996.12.08"]

1. e4 e5 2. Bc4 Nf6 3. d3 Nc6 4. f4 d5 5. exd5 Nxd5 6. fxe5 Bc5 7. Nf3 Bg4
8. h3 Bh5 9. g4 Bg6 10. Nc3 Nxc3 11. bxc3 Na5 12. Bg5 Be7 13. Bxe7 Qxe7 14.
Bb3 O-O-O 15. Qd2 f6 16. Qe3 fxe5 17. Qxa7 e4 18. Qa8+ Kd7 19. Qxa5 exf3+
20. Kd1 Qe2+ 21. Kc1 Rhe8 22. Ba4+ c6 23. Qb6 Qe3+ 24. Qxe3 Rxe3 25. Kb2
Rf8 26. Rh2 Kd6 27. Rf1 Ke5 28. Kc1 Kf4 29. Rhf2 Rfe8 30. Kd1 h5 31. Bb3
hxg4 32. hxg4 R8e5 33. d4 Rg5 34. d5 Be4 35. c4 c5 36. Kd2 Rxg4 37. Rh1 Bf5
38. Rh5 g6 39. Rhh2 g5 40. Ba4 Rh4
0-1

[Event "I Scaccomatto A"]
[Site "Torino ITA"]
[Date "1996.12.09"]
[Round "2"]
[White "Racioppo, Paolo"]
[Black "Luther, Thomas"]
[Result "0-1"]
[WhiteElo "2225"]
[BlackElo "2495"]
[PlyCount "106"]
[EventDate "1996.12.08"]

1. e4 e6 2. d3 d5 3. Nd2 c5 4. Ngf3 Nc6 5. g3 Bd6 6. Bg2 Nge7 7. O-O O-O 8. Re1
Bc7 9. c3 Rb8 10. Qe2 b6 11. a3 a5 12. a4 Ba6 13. exd5 exd5 14. Nb1 Qd7 15. Na3
Rbe8 16. Qc2 Ng6 17. Bd2 Nce5 18. Nxe5 Nxe5 19. c4 Qg4 20. Nb5 Bxb5 21. axb5
dxc4 22. dxc4 Qxc4 23. Qf5 g6 24. Qh3 Qg4 25. Qxg4 Nxg4 26. Bc6 Rxe1+ 27. Rxe1
Ne5 28. Bc3 Nxc6 29. bxc6 Rc8 30. Bf6 a4 31. g4 b5 32. g5 b4 33. Kg2 a3 34.
bxa3 bxa3 35. Ra1 Ra8 36. Kf3 a2 37. Ke4 Bxh2 38. Kd5 h5 39. gxh6 Kh7 40. Kxc5
g5 41. Bg7 Kg6 42. Kb6 f6 43. c7 Be5 44. Kb7 Bxa1 45. Kxa8 Bd4 46. c8=Q a1=Q+
47. Kb7 Qb2+ 48. Kc6 Qc3+ 49. Kd7 Qh3+ 50. Kc7 Qxc8+ 51. Kxc8 Bxf2 52. Kd7 g4
53. Ke8 Be3 0-1

[Event "I Scaccomatto A"]
[Site "Torino ITA"]
[Date "1996.12.09"]
[Round "2"]
[White "Ricca, Roberto"]
[Black "Nurkic, Sahbaz"]
[Result "0-1"]
[WhiteElo "2051"]
[BlackElo "2405"]
[PlyCount "64"]
[EventDate "1996.12.08"]

1. e4 g6 2. h4 h5 3. d4 Bg7 4. Nc3 c6 5. Nh3 d5 6. e5 Nh6 7. Nf4 Nf5 8. Nce2
Na6 9. c3 Nc7 10. Ng3 Bf8 11. Bd3 e6 12. Nxf5 exf5 13. g3 c5 14. Bd2 Be7 15.
Rc1 c4 16. Be2 Ne6 17. Bf3 Nxf4 18. Bxf4 Be6 19. b4 a5 20. a3 b5 21. Ra1 Kd7
22. Ke2 Qb6 23. Qc2 Ra6 24. Rhb1 Rha8 25. Qb2 Qa7 26. bxa5 Rxa5 27. a4 bxa4 28.
Qb7+ Qxb7 29. Rxb7+ Ke8 30. Kd2 a3 31. Kc2 Bd7 32. Ra2 Bc6 0-1

[Event "I Scaccomatto A"]
[Site "Torino ITA"]
[Date "1996.12.09"]
[Round "2"]
[White "Smyslov, Vassily V."]
[Black "Berg, Klaus"]
[Result "1/2-1/2"]
[WhiteElo "2510"]
[BlackElo "2395"]
[PlyCount "49"]
[EventDate "1996.12.08"]

1. e4 c6 2. Nc3 d5 3. Nf3 Bg4 4. h3 Bh5 5. exd5 cxd5 6. Bb5+ Nc6 7. g4 Bg6 8.
Ne5 Rc8 9. d4 e6 10. Qe2 Bb4 11. h4 Nge7 12. h5 Be4 13. f3 O-O 14. Bxc6 Nxc6
15. Nxc6 Rxc6 16. fxe4 Rxc3 17. Kf2 Rc6 18. c3 Be7 19. e5 Bg5 20. Kg2 Bxc1 21.
Raxc1 b5 22. h6 g6 23. a3 Rc4 24. Qf3 a5 25. Rh3 1/2-1/2

[Event "I Scaccomatto A"]
[Site "Torino ITA"]
[Date "1996.12.09"]
[Round "2"]
[White "Vismara, Daniele"]
[Black "Sarno, Spartaco"]
[Result "0-1"]
[WhiteElo "2155"]
[BlackElo "2410"]
[PlyCount "64"]
[EventDate "1996.12.08"]

1. e4 d6 2. d4 Nf6 3. Nc3 g6 4. Nf3 Bg7 5. Be2 O-O 6. O-O Bg4 7. Be3 Nc6 8. Qd2
e5 9. d5 Ne7 10. Ne1 Bd7 11. f3 c6 12. dxc6 Bxc6 13. Bc4 d5 14. exd5 Nexd5 15.
Nxd5 Bxd5 16. Bxd5 Nxd5 17. Bf2 Nf4 18. Rd1 Qg5 19. Be3 Rfd8 20. Nd3 Qf5 21. g4
Qf6 22. Bxf4 exf4 23. b3 Rac8 24. c4 b5 25. Qb4 bxc4 26. bxc4 Qe6 27. Nf2 Bd4
28. Rc1 Qe2 29. Kg2 Be3 30. Qa4 Bxc1 31. Rxc1 Rd2 32. Qxa7 Qe3 0-1

[Event "I Scaccomatto A"]
[Site "Torino ITA"]
[Date "1996.12.09"]
[Round "2"]
[White "Wohl, Aleksandar H."]
[Black "Godena, Michele"]
[Result "1/2-1/2"]
[WhiteElo "2400"]
[BlackElo "2550"]
[PlyCount "43"]
[EventDate "1996.12.08"]

1. Nf3 d6 2. g3 e5 3. Bg2 g6 4. c4 Bg7 5. Nc3 Nc6 6. O-O Be6 7. d3 h6 8. Nd5
Nce7 9. Rb1 Nxd5 10. cxd5 Bxd5 11. e4 Be6 12. d4 Ne7 13. b3 O-O 14. Bb2 exd4
15. Nxd4 Bd7 16. Qd2 Nc6 17. f4 Re8 18. h4 Nxd4 19. Bxd4 Bc6 20. Rbe1 Qe7 21.
Kh2 Qf8 22. f5 1/2-1/2

[Event "I Scaccomatto A"]
[Site "Torino ITA"]
[Date "1996.12.10"]
[Round "3"]
[White "Berg, Klaus"]
[Black "Ranieri, Fabrizio"]
[Result "1/2-1/2"]
[WhiteElo "2395"]
[BlackElo "2113"]
[PlyCount "78"]
[EventDate "1996.12.08"]

1. c4 e6 2. Nc3 d5 3. d4 c6 4. cxd5 exd5 5. Nf3 Nf6 6. Bg5 Be7 7. e3 O-O 8. Qc2
Nbd7 9. Bd3 Re8 10. O-O Nf8 11. Rab1 Ng6 12. b4 a6 13. a4 Qd6 14. b5 axb5 15.
axb5 Bg4 16. Nd2 h6 17. Bxf6 Qxf6 18. bxc6 bxc6 19. Ne2 Bd6 20. f3 Bd7 21. e4
Bf4 22. e5 Qg5 23. Nb3 Bh3 24. Ng3 Bxg3 25. hxg3 Qxg3 26. Bxg6 fxg6 27. Qf2
Qxf2+ 28. Rxf2 Bf5 29. Rc1 Reb8 30. Nc5 h5 31. Rd2 Rb4 32. Rc3 Ra1+ 33. Kf2 g5
34. Rb3 Rxb3 35. Nxb3 Ra4 36. Nc5 Rc4 37. Ke3 Rc3+ 38. Ke2 g4 39. fxg4 Bxg4+
1/2-1/2

[Event "I Scaccomatto A"]
[Site "Torino ITA"]
[Date "1996.12.10"]
[Round "3"]
[White "Godena, Michele"]
[Black "Marchand, Francois"]
[Result "1/2-1/2"]
[WhiteElo "2550"]
[BlackElo "2220"]
[PlyCount "69"]
[EventDate "1996.12.08"]

1. e4 c6 2. d4 d5 3. Nc3 dxe4 4. Nxe4 Bf5 5. Nc5 b6 6. Nb3 Nf6 7. Nf3 Nbd7 8.
g3 e6 9. Bg2 Rc8 10. O-O Bd6 11. Re1 Qc7 12. Nbd2 b5 13. Nb3 O-O 14. Qe2 a6 15.
a4 Qb6 16. Ne5 c5 17. axb5 axb5 18. Nxd7 Nxd7 19. dxc5 Nxc5 20. Nd4 b4 21. Nxf5
exf5 22. Qf3 g6 23. Bh6 Ne4 24. Bxf8 Bxf8 25. Rxe4 fxe4 26. Qxe4 Bc5 27. Qf4
Bd4 28. Bd5 Rc7 29. Rd1 Bxb2 30. Bb3 Kg7 31. h4 h5 32. Rd6 Qc5 33. Rd5 Qe7 34.
Rd1 Be5 35. Qf3 1/2-1/2

[Event "I Scaccomatto A"]
[Site "Torino ITA"]
[Date "1996.12.10"]
[Round "3"]
[White "Luther, Thomas"]
[Black "Skembris, Spyridon"]
[Result "1/2-1/2"]
[WhiteElo "2495"]
[BlackElo "2420"]
[PlyCount "74"]
[EventDate "1996.12.08"]

1. e4 e5 2. Nf3 Nc6 3. Bb5 a6 4. Ba4 Nf6 5. O-O Be7 6. Re1 b5 7. Bb3 d6 8. c3
O-O 9. h3 Na5 10. Bc2 c5 11. d4 Nd7 12. Nbd2 exd4 13. cxd4 Nc6 14. d5 Nce5 15.
Nxe5 dxe5 16. Nf1 c4 17. Be3 Bb4 18. Re2 Bb7 19. Ng3 g6 20. a3 Bc5 21. Qd2 Bxe3
22. Rxe3 Nc5 23. b3 cxb3 24. Bxb3 Qd6 25. Rc3 Rac8 26. Bd1 Ne6 27. Rxc8 Rxc8
28. Bg4 Rc4 29. Bxe6 fxe6 30. Qg5 exd5 31. Nf5 Qf8 32. Nh6+ Kg7 33. exd5 Qf4
34. Qe7+ Kxh6 35. Qxb7 Rc1+ 36. Rxc1 Qxc1+ 37. Kh2 Qf4+ 1/2-1/2

[Event "I Scaccomatto A"]
[Site "Torino ITA"]
[Date "1996.12.10"]
[Round "3"]
[White "Mola, Pietro"]
[Black "Smyslov, Vassily V."]
[Result "0-1"]
[WhiteElo "2175"]
[BlackElo "2510"]
[PlyCount "90"]
[EventDate "1996.12.08"]

1. e4 e6 2. d4 d5 3. Nd2 c5 4. exd5 exd5 5. Ngf3 Nc6 6. Bb5 cxd4 7. Nxd4
Qc7 8. O-O Bd6 9. N2f3 Ne7 10. Bg5 O-O 11. Re1 Ng6 12. c3 Bg4 13. h3 Nxd4
14. cxd4 Bf5 15. Bd3 Bxd3 16. Qxd3 Qc4 17. Qf5 h6 18. Bd2 Rad8 19. b3 Qc8
20. Qd3 Rfe8 21. Rxe8+ Rxe8 22. Re1 Rxe1+ 23. Nxe1 Qe6 24. Qe3 Qxe3 25.
Bxe3 f5 26. Nd3 f4 27. Bd2 Kf7 28. f3 Ke6 29. Kf2 Kf5 30. Bb4 Bxb4 31. Nxb4
Ne7 32. Ke2 g5 33. Kf2 Ke6 34. Nc2 Nf5 35. Ke2 a5 36. Kd3 Nh4 37. Ne1 b6
38. Ke2 Kf6 39. Kf2 Nf5 40. Nc2 Kg6 41. Ke2 Kh5 42. Kf1 Kh4 43. Kf2 Ne3 44.
Ne1 Nd1+ 45. Kf1 Nc3 {...} 0-1

[Event "I Scaccomatto A"]
[Site "Torino ITA"]
[Date "1996.12.10"]
[Round "3"]
[White "Sarno, Spartaco"]
[Black "Castaldo, Folco"]
[Result "1-0"]
[WhiteElo "2410"]
[BlackElo "1987"]
[PlyCount "67"]
[EventDate "1996.12.08"]

1. c4 g6 2. g3 Bg7 3. Bg2 e5 4. Nc3 d6 5. e3 Nc6 6. Nge2 Be6 7. Nd5 Qd7 8. d3
Nd8 9. f4 c6 10. Ndc3 Ne7 11. O-O h5 12. Ne4 f5 13. Ng5 h4 14. Rb1 Nf7 15. gxh4
Rxh4 16. Nxe6 Qxe6 17. b4 g5 18. b5 Qh6 19. bxc6 bxc6 20. Rf2 Nd8 21. fxg5 Qxg5
22. Ng3 Kf7 23. Nxf5 Nxf5 24. e4 Qg6 25. Rxf5+ Kg8 26. Bg5 Rh7 27. Qa4 Ne6 28.
Qxc6 Rf8 29. Qxd6 Rxf5 30. exf5 Qxf5 31. Rf1 Bf8 32. Rxf5 Bxd6 33. Bd5 Bc5+ 34.
Kh1 1-0

[Event "I Scaccomatto A"]
[Site "Torino ITA"]
[Date "1996.12.10"]
[Round "4"]
[White "Marchand, Francois"]
[Black "Finkel, Alexander"]
[Result "1-0"]
[WhiteElo "2220"]
[BlackElo "2505"]
[PlyCount "65"]
[EventDate "1996.12.08"]

1. d4 g6 2. c4 Bg7 3. Nf3 Nf6 4. Nc3 d5 5. e3 O-O 6. Be2 e6 7. O-O b6 8. b3 Bb7
9. Bb2 Nbd7 10. Rc1 Ne4 11. Nxe4 dxe4 12. Nd2 c5 13. Qc2 cxd4 14. Bxd4 e5 15.
Bb2 f5 16. Ba3 Rf6 17. c5 bxc5 18. Rfd1 Qe7 19. b4 Kh8 20. bxc5 Bc6 21. Nc4
Raf8 22. Na5 Nb8 23. Rd6 Qc7 24. Nxc6 Nxc6 25. Qa4 a5 26. Bb5 Nb4 27. Rd7 Qc8
28. c6 f4 29. Bxb4 axb4 30. Qxb4 fxe3 31. fxe3 Qb8 32. c7 Qb6 33. Qc5 1-0

[Event "I Scaccomatto A"]
[Site "Torino ITA"]
[Date "1996.12.10"]
[Round "4"]
[White "Mikhalevski, Victor"]
[Black "Sarno, Spartaco"]
[Result "1-0"]
[WhiteElo "2500"]
[BlackElo "2410"]
[PlyCount "61"]
[EventDate "1996.12.08"]

1. d4 Nf6 2. c4 g6 3. Nc3 d5 4. Nf3 Bg7 5. Qb3 dxc4 6. Qxc4 O-O 7. e4 a6 8. e5
Nfd7 9. Be3 Nb6 10. Qc5 Nc6 11. h4 Bf5 12. h5 Nd7 13. Qa3 b5 14. Qb3 Na5 15.
Qd1 c5 16. hxg6 Bxg6 17. Bd3 cxd4 18. Bxg6 hxg6 19. Qxd4 e6 20. Rd1 b4 21. Ne2
b3 22. axb3 Nxb3 23. Qxd7 Qa5+ 24. Bd2 Qb6 25. Bg5 Qa5+ 26. Kf1 Rab8 27. Qd3
Nc5 28. Qe3 Rb3 29. Qf4 Rd3 30. Re1 Rb8 31. Qh4 1-0

[Event "I Scaccomatto A"]
[Site "Torino ITA"]
[Date "1996.12.10"]
[Round "4"]
[White "Mola, Pietro"]
[Black "Berg, Klaus"]
[Result "0-1"]
[WhiteElo "2175"]
[BlackElo "2395"]
[PlyCount "88"]
[EventDate "1996.12.08"]

1. e4 c6 2. d4 d5 3. Nd2 dxe4 4. Nxe4 Bf5 5. Ng3 Bg6 6. h4 h6 7. Nf3 Nd7 8. h5
Bh7 9. Bd3 Bxd3 10. Qxd3 e6 11. Bd2 Ngf6 12. O-O-O Qc7 13. Ne4 O-O-O 14. g3
Nxe4 15. Qxe4 Bd6 16. Qe2 Nf6 17. c4 c5 18. Bc3 cxd4 19. Bxd4 Qa5 20. Kb1 Qf5+
21. Ka1 Bb8 22. c5 Qe4 23. Qxe4 Nxe4 24. Rhe1 Nf6 25. Be5 Nxh5 26. Bxb8 Kxb8
27. Ne5 f5 28. Nf7 Rxd1+ 29. Rxd1 Rc8 30. b4 a5 31. a3 axb4 32. axb4 Nf6 33.
Nd6 Rc6 34. Re1 b6 35. Rxe6 bxc5 36. bxc5 Rxc5 37. Nf7 h5 38. Kb2 Kc8 39. Re7
Rd5 40. Kc1 Ne4 41. Nh8 g5 42. Rh7 Nxf2 43. Rxh5 Ne4 44. Ng6 Kd7 0-1

[Event "I Scaccomatto A"]
[Site "Torino ITA"]
[Date "1996.12.10"]
[Round "4"]
[White "Mrdja, Milan"]
[Black "Luther, Thomas"]
[Result "0-1"]
[WhiteElo "2455"]
[BlackElo "2495"]
[PlyCount "64"]
[EventDate "1996.12.08"]

1. e4 e6 2. d4 d5 3. Nc3 Nf6 4. Bg5 dxe4 5. Nxe4 Nbd7 6. Nf3 Be7 7. Nxf6+ Bxf6
8. h4 c5 9. Qd2 cxd4 10. Nxd4 h6 11. Be3 Nb6 12. O-O-O O-O 13. Nb5 Bd7 14. Bxb6
Qxb6 15. Qxd7 Rad8 16. Qc7 Qxc7 17. Nxc7 Bxb2+ 18. Kxb2 Rxd1 19. Nb5 Rc8 20.
Nxa7 Rc5 21. a4 Re5 22. Nb5 Ree1 23. a5 Rb1+ 24. Kc3 Kf8 25. Kc4 Rxf1 26. Rxf1
Rxf1 27. Kc5 Rxf2 28. c4 Rxg2 29. Kb6 Ra2 30. Nd6 g5 31. hxg5 hxg5 32. Nxb7 g4
0-1

[Event "I Scaccomatto A"]
[Site "Torino ITA"]
[Date "1996.12.10"]
[Round "4"]
[White "Skembris, Spyridon"]
[Black "Nurkic, Sahbaz"]
[Result "1/2-1/2"]
[WhiteElo "2420"]
[BlackElo "2405"]
[PlyCount "108"]
[EventDate "1996.12.08"]

1. d4 g6 2. e4 Bg7 3. c4 d6 4. Nc3 Nc6 5. Be3 e5 6. Nge2 Nf6 7. d5 Ne7 8. f3
O-O 9. g4 Ne8 10. h4 f5 11. g5 Rf7 12. Qd2 a6 13. a3 c5 14. dxc6 bxc6 15. Na4
Rb8 16. O-O-O Qc7 17. Nec3 Be6 18. h5 Bf8 19. hxg6 Nxg6 20. Bh3 Bc8 21. Qc2
fxe4 22. Bxc8 Qxc8 23. fxe4 Qe6 24. c5 dxc5 25. Nxc5 Bxc5 26. Bxc5 Qc4 27. Nb1
Qe6 28. Rd2 a5 29. Rhd1 Qg4 30. Be3 Qf3 31. Qc5 Qxe4 32. Nc3 Qg4 33. Qxc6 Rc8
34. Qd5 Kg7 35. Kb1 Nc7 36. Qe4 Qe6 37. Rd6 Qb3 38. Qc2 Qxc2+ 39. Kxc2 Nb5 40.
Rd8 Rcc7 41. Bb6 Rc6 42. Bxa5 Nd4+ 43. Kb1 Nf4 44. Bb4 Nfe6 45. Rd5 Rf5 46. Bd6
Nf3 47. Ne4 Rc4 48. Nd2 Nxd2+ 49. R1xd2 Re4 50. Be7 Nxg5 51. Bxg5 Rxg5 52. Rd7+
Kh8 53. Rd8+ Kg7 54. R8d7+ Kh8 1/2-1/2

[Event "I Scaccomatto A"]
[Site "Torino ITA"]
[Date "1996.12.11"]
[Round "5"]
[White "Arlandi, Ennio"]
[Black "Marchand, Francois"]
[Result "1/2-1/2"]
[WhiteElo "2445"]
[BlackElo "2220"]
[PlyCount "91"]
[EventDate "1996.12.08"]

1. d4 Nf6 2. c4 e5 3. dxe5 Ng4 4. Bf4 Nc6 5. Nf3 Bb4+ 6. Nbd2 Qe7 7. e3 Ngxe5
8. Nxe5 Nxe5 9. Be2 O-O 10. O-O Ng6 11. Bg3 Bd6 12. Bxd6 Qxd6 13. Qc2 Qe7 14.
c5 d6 15. cxd6 Qxd6 16. Rac1 c6 17. Ne4 Qe7 18. Nc5 b6 19. Na4 c5 20. Bf3 Bb7
21. Bxb7 Qxb7 22. Nc3 Rad8 23. Rfd1 Rfe8 24. Rxd8 Rxd8 25. Rd1 Qa8 26. Kf1 h6
27. h3 Ne5 28. Rxd8+ Qxd8 29. Ke2 Qh4 30. Qf5 Qc4+ 31. Kd2 Ng6 32. Qd3 Qh4 33.
Ne4 Qe7 34. Qd5 Ne5 35. f4 Nd7 36. Nc3 Nf6 37. Qd3 Qc7 38. b3 Kf8 39. a4 Ke7
40. Nb5 Qc6 41. Nxa7 Qxg2+ 42. Kc1 Qb7 43. Nb5 Qd5 44. Kc2 Qg2+ 45. Kb1 Qd5 46.
Kc2 1/2-1/2

[Event "I Scaccomatto A"]
[Site "Torino ITA"]
[Date "1996.12.11"]
[Round "5"]
[White "Crea, Vincenzo"]
[Black "Lanzani, Mario"]
[Result "0-1"]
[WhiteElo "2195"]
[BlackElo "2355"]
[PlyCount "60"]
[EventDate "1996.12.08"]

1. d4 f5 2. Nf3 Nf6 3. Bf4 g6 4. e3 Bg7 5. Bc4 e6 6. c3 b6 7. Nbd2 Bb7 8. a4 a5
9. h3 h6 10. Qe2 g5 11. Bg3 Nc6 12. Ne5 Ne7 13. f3 f4 14. Bh2 fxe3 15. Qxe3 O-O
16. O-O Nfd5 17. Qe1 Nf5 18. Bxd5 exd5 19. Qb1 d6 20. Ng4 c5 21. dxc5 bxc5 22.
Re1 Qd7 23. Ne3 Nxe3 24. Rxe3 d4 25. Rd3 Ba6 26. c4 d5 27. Qc2 Qf5 28. Rc1 Rfe8
29. Rb3 Qxc2 30. Rxc2 Re2 0-1

[Event "I Scaccomatto A"]
[Site "Torino ITA"]
[Date "1996.12.11"]
[Round "5"]
[White "Finkel, Alexander"]
[Black "Mola, Pietro"]
[Result "1-0"]
[WhiteElo "2505"]
[BlackElo "2175"]
[PlyCount "67"]
[EventDate "1996.12.08"]

1. e4 e5 2. Nc3 Nf6 3. g3 Bc5 4. Bg2 Nc6 5. Nge2 d6 6. Na4 Bb6 7. Nxb6 axb6 8.
O-O Bg4 9. h3 Be6 10. f4 d5 11. fxe5 Nxe5 12. d4 Ng6 13. e5 Ne4 14. Kh2 Qd7 15.
c4 O-O 16. g4 c6 17. cxd5 cxd5 18. Nc3 Nxc3 19. bxc3 Qb5 20. Rf2 Rfc8 21. Bd2
Qa4 22. Qb1 b5 23. Bf1 Bd7 24. Bd3 Ra6 25. Qf1 Rf8 26. Qg2 Be6 27. Qg3 Rfa8 28.
h4 Qa3 29. h5 Nf8 30. h6 Qb2 31. Rb1 Qxa2 32. hxg7 Ng6 33. Bxg6 hxg6 34. Qh4
1-0

[Event "I Scaccomatto A"]
[Site "Torino ITA"]
[Date "1996.12.11"]
[Round "5"]
[White "Godena, Michele"]
[Black "Skembris, Spyridon"]
[Result "1-0"]
[WhiteElo "2550"]
[BlackElo "2420"]
[PlyCount "133"]
[EventDate "1996.12.08"]

1. e4 e5 2. Nf3 Nc6 3. Bb5 a6 4. Bxc6 dxc6 5. O-O f6 6. d4 exd4 7. Nxd4 c5 8.
Nb3 Qxd1 9. Rxd1 Bd7 10. Bf4 O-O-O 11. Nc3 Re8 12. Nd5 Bc6 13. f3 Bd6 14. Bxd6
cxd6 15. Ne3 Nh6 16. Rxd6 Kc7 17. Rad1 b6 18. Kf2 Rhf8 19. g4 a5 20. Nc1 Nf7
21. R6d2 h5 22. gxh5 Rh8 23. Nf5 Nh6 24. Ng3 f5 25. exf5 Ref8 26. Nd3 Nxf5 27.
Nf4 Rh6 28. Ng6 Rxg6 29. hxg6 Nh4 30. Rd3 Nxf3 31. Ke2 Nxh2 32. Kd2 Ng4 33. Rf1
Nf6 34. Re3 Rd8+ 35. Kc1 Rd7 36. Ree1 Bb5 37. Rf2 a4 38. Rd2 Nd5 39. Nf5 Bc6
40. Ne3 b5 41. Nxd5+ Bxd5 42. Red1 Kc6 43. b3 axb3 44. axb3 c4 45. bxc4 bxc4
46. c3 Rd6 47. Rd4 Kc5 48. R4d2 Kc6 49. Ra2 Kb6 50. Ra4 Kc5 51. Ra7 Kc6 52.
Rxg7 Rf6 53. Ra7 Rf3 54. Kb2 Rf2+ 55. Ka1 Rg2 56. Ra6+ Kb5 57. Ra2 Rg5 58. Rb1+
Kc6 59. Ra6+ Kc7 60. Ra5 Rxg6 61. Rxd5 Kc6 62. Rd4 Kc5 63. Rb4 Rg2 64. Rbxc4+
Kb5 65. Rc8 Kb6 66. Rb4+ Ka7 67. Rcc4 1-0

[Event "I Scaccomatto A"]
[Site "Torino ITA"]
[Date "1996.12.11"]
[Round "5"]
[White "Luther, Thomas"]
[Black "Mikhalevski, Victor"]
[Result "1-0"]
[WhiteElo "2495"]
[BlackElo "2500"]
[PlyCount "107"]
[EventDate "1996.12.08"]

1. e4 e5 2. Nf3 Nc6 3. Bb5 a6 4. Ba4 Nf6 5. O-O Nxe4 6. d4 b5 7. Bb3 d5 8. dxe5
Be6 9. Nbd2 Bc5 10. Qe1 Nxd2 11. Bxd2 O-O 12. Rd1 Qd7 13. Bg5 d4 14. c3 h6 15.
Nxd4 Nxd4 16. Be3 Nf3+ 17. gxf3 Qc6 18. Bxc5 Qxc5 19. Qe4 Rad8 20. Rd4 Qe7 21.
Qf4 c5 22. Rd6 Rxd6 23. exd6 Qg5+ 24. Qxg5 hxg5 25. Bxe6 fxe6 26. Rd1 Kf7 27.
d7 Ke7 28. Kg2 a5 29. Kg3 Kd8 30. Rd6 Rf4 31. Rxe6 Ra4 32. a3 b4 33. axb4 cxb4
34. Re5 Kxd7 35. Rxg5 bxc3 36. bxc3 Kc6 37. Rxg7 Rc4 38. Ra7 a4 39. h4 Kb6 40.
Ra8 Kb7 41. Rd8 Rc5 42. Kg4 a3 43. Rd1 Rxc3 44. h5 Rc2 45. h6 Rxf2 46. Rh1 a2
47. h7 Rh2 48. Rxh2 a1=Q 49. h8=Q Qg1+ 50. Kh3 Qf1+ 51. Kg3 Qe1+ 52. Rf2 Qg1+
53. Rg2 Qe1+ 54. Kh2 1-0

[Event "I Scaccomatto A"]
[Site "Torino ITA"]
[Date "1996.12.11"]
[Round "5"]
[White "Mordiglia, Riccardo"]
[Black "Sedina, Elena"]
[Result "1-0"]
[WhiteElo "2100"]
[BlackElo "2345"]
[PlyCount "87"]
[EventDate "1996.12.08"]

1. d4 Nf6 2. Nc3 d5 3. e4 dxe4 4. f3 exf3 5. Nxf3 e6 6. Bg5 Be7 7. Bd3 O-O 8.
O-O c5 9. dxc5 Bxc5+ 10. Kh1 Nbd7 11. Qe1 h6 12. Qh4 hxg5 13. Nxg5 Re8 14. Nce4
Be3 15. Rf3 Bxg5 16. Nxg5 a5 17. Raf1 b6 18. Rh3 Kf8 19. Qh8+ Ke7 20. Qxg7 Rf8
21. Rh6 Ba6 22. Rhxf6 Nxf6 23. Bxa6 Rxa6 24. Qxf6+ Ke8 25. Qxd8+ Kxd8 26. Nxe6+
fxe6 27. Rxf8+ Ke7 28. Rb8 a4 29. a3 Kd6 30. h4 Kc7 31. Rg8 b5 32. h5 e5 33.
Rg7+ Kd8 34. Rg5 Re6 35. Kg1 Kd7 36. Kf2 Re8 37. Rg6 Rc8 38. c3 Ke7 39. g4 Rf8+
40. Ke2 Rf4 41. Rg7+ Kf8 42. h6 Rf6 43. g5 Rf4 44. Rb7 1-0

[Event "I Scaccomatto A"]
[Site "Torino ITA"]
[Date "1996.12.11"]
[Round "5"]
[White "Nurkic, Sahbaz"]
[Black "Smyslov, Vassily V."]
[Result "1/2-1/2"]
[WhiteElo "2405"]
[BlackElo "2510"]
[PlyCount "83"]
[EventDate "1996.12.08"]

1. e4 c6 2. d4 d5 3. e5 Bf5 4. Nc3 e6 5. g4 Bg6 6. Nge2 c5 7. h4 h5 8. Nf4 Bh7
9. Nxh5 cxd4 10. Qxd4 Nc6 11. Bb5 Bxc2 12. Bg5 Qa5 13. Rc1 Bg6 14. O-O Be7 15.
Nxg7+ Kf8 16. Bxc6 bxc6 17. Bxe7+ Nxe7 18. Qf4 Kxg7 19. Qf6+ Kg8 20. Qxe7 d4
21. Ne2 Qxe5 22. Ng3 Kg7 23. h5 Rhe8 24. Qc5 Qxc5 25. Rxc5 Bh7 26. f4 Rad8 27.
Rd1 d3 28. Kf2 Rd4 29. Ke3 Rb4 30. b3 e5 31. Rxe5 Rxe5+ 32. fxe5 Rxg4 33. Kf3
Rh4 34. Rd2 f6 35. Rg2 Kf7 36. exf6 Kxf6 37. Ke3 Ke5 38. Nf1 Rxh5 39. Rh2 Rxh2
40. Nxh2 Kd5 41. Ng4 Kc5 42. a3 1/2-1/2

[Event "I Scaccomatto A"]
[Site "Torino ITA"]
[Date "1996.12.11"]
[Round "5"]
[White "Sarno, Spartaco"]
[Black "Ranieri, Fabrizio"]
[Result "1-0"]
[WhiteElo "2410"]
[BlackElo "2113"]
[PlyCount "49"]
[EventDate "1996.12.08"]

1. c4 e6 2. Nf3 d5 3. b3 Nf6 4. g3 Be7 5. Bg2 O-O 6. O-O c5 7. Bb2 Nc6 8. e3
Qc7 9. Nc3 a6 10. cxd5 exd5 11. Rc1 Bf5 12. d4 c4 13. Ne5 Nb4 14. bxc4 dxc4 15.
e4 Be6 16. a3 Nc6 17. Nd5 Bxd5 18. exd5 Na5 19. Qe2 Rac8 20. Bh3 Rcd8 21. Nxc4
Nxd5 22. Ne3 Qb6 23. Nxd5 Rxd5 24. Qxe7 Qxb2 25. Rc8 1-0

[Event "I Scaccomatto A"]
[Site "Torino ITA"]
[Date "1996.12.11"]
[Round "5"]
[White "Vujovic, Milorad"]
[Black "Vismara, Daniele"]
[Result "1-0"]
[WhiteElo "2310"]
[BlackElo "2155"]
[PlyCount "87"]
[EventDate "1996.12.08"]

1. c4 Nf6 2. g3 g6 3. Bg2 Bg7 4. Nc3 d6 5. Rb1 O-O 6. b4 e5 7. d3 a5 8. a3 axb4
9. axb4 h6 10. Nf3 Be6 11. Nd2 Qc8 12. h4 Nc6 13. Nd5 Bxd5 14. cxd5 Ne7 15. Qb3
c6 16. dxc6 bxc6 17. Nc4 Qc7 18. O-O Rfb8 19. Qc2 d5 20. Na5 Ra6 21. Bd2 Nf5
22. e3 Nd6 23. Rfc1 Nb5 24. Qa4 Bf8 25. Bf1 Qd7 26. Rb2 Bd6 27. Rbc2 Rba8 28.
Qb3 Na7 29. e4 Rb8 30. Ra2 Kg7 31. d4 Rab6 32. dxe5 Bxe5 33. exd5 Nxd5 34. Nc4
Bf6 35. Nxb6 Rxb6 36. Bc4 Nb5 37. Bxd5 Nd4 38. Qe3 Qxd5 39. Qxh6+ Kg8 40. Ra8+
Bd8 41. Rc5 Nf3+ 42. Kh1 Qd7 43. Kg2 Nxd2 44. Qg5 1-0

[Event "I Scaccomatto A"]
[Site "Torino ITA"]
[Date "1996.12.12"]
[Round "6"]
[White "Lanzani, Mario"]
[Black "Sarno, Spartaco"]
[Result "1/2-1/2"]
[WhiteElo "2355"]
[BlackElo "2410"]
[PlyCount "85"]
[EventDate "1996.12.08"]

1. e4 d6 2. d4 Nf6 3. Nc3 g6 4. Be3 c6 5. Qd2 b5 6. Bd3 Nbd7 7. Nf3 e5 8. h3
Bb7 9. dxe5 dxe5 10. O-O Bg7 11. a4 a6 12. Bh6 O-O 13. Bxg7 Kxg7 14. Ne2 Nc5
15. Qc3 Nxa4 16. Rxa4 bxa4 17. Nxe5 c5 18. Ng4 Re8 19. f3 Qb6 20. Bc4 h5 21.
Ne5 Re7 22. Nd3 Kh7 23. Ra1 Bxe4 24. fxe4 Nxe4 25. Qe1 Nd6 26. Rxa4 Nxc4 27.
Rxc4 Rae8 28. Ndc1 Qxb2 29. Qf2 a5 30. Qxc5 Rxe2 31. Nxe2 Rxe2 32. Kh2 a4 33.
Qc7 Rf2 34. Rxa4 Qxc2 35. Qxc2 Rxc2 36. h4 Kg7 37. Kh3 Kf6 38. g3 Rf2 39. Ra6+
Ke5 40. Ra5+ Ke4 41. Ra4+ Ke3 42. Ra3+ Kd4 43. Ra4+ 1/2-1/2

[Event "I Scaccomatto A"]
[Site "Torino ITA"]
[Date "1996.12.12"]
[Round "6"]
[White "Luther, Thomas"]
[Black "Godena, Michele"]
[Result "1/2-1/2"]
[WhiteElo "2495"]
[BlackElo "2550"]
[PlyCount "44"]
[EventDate "1996.12.08"]

1. e4 e5 2. Nf3 Nc6 3. Bb5 a6 4. Ba4 Nf6 5. O-O Be7 6. Re1 d6 7. Bxc6+ bxc6 8.
d4 exd4 9. Nxd4 Bd7 10. Nc3 O-O 11. Bg5 h6 12. Bh4 Re8 13. Qf3 Qb8 14. Nf5 Bxf5
15. exf5 d5 16. b3 Qb4 17. g3 Nh7 18. Bxe7 Rxe7 19. Rxe7 Qxe7 20. h4 Nf6 21.
Rd1 Re8 22. Kg2 Qc5 1/2-1/2